Kuyantwela emzansi (Record no. 391718)

MARC details
000 -LEADER
fixed length control field 00254nam a2200097Ia 4500
082 ## - DEWEY DECIMAL CLASSIFICATION NUMBER
Classification number ZUL 896.39861 KHAN
008 - FIXED-LENGTH DATA ELEMENTS--GENERAL INFORMATION
fixed length control field 210817s9999 xx 000 0 und d
100 ## - MAIN ENTRY--PERSONAL NAME
Personal name KHANYILE, Ivy T. Cape Town, 2003
245 #0 - TITLE STATEMENT
Title Kuyantwela emzansi
942 ## - ADDED ENTRY ELEMENTS
item type Books
Holdings
Withdrawn status Lost status Damaged status Not for loan Home library Current library Date acquired Cost, normal purchase price Total Checkouts Barcode Date last seen Price effective from item type
        Vukuzakhe (do not use) Vukuzakhe (do not use) 20.08.2021 150.00   33228014554909 20.08.2021 20.08.2021 Books